| 000 | 01953cam a2200445 a 4500 | ||
|---|---|---|---|
| 001 | geishadalb00dalb | ||
| 003 | CaSfIA | ||
| 005 | 20210118085355.0 | ||
| 007 | cr|||| | ||
| 008 | 841030r19851983nyua b 001 0 eng | ||
| 010 | _a 84040522 | ||
| 040 |
_aDLC _cDLC _dBAKER _dNLGGC _dBTCTA _dYDXCP _dCaSfIA |
||
| 020 |
_a0394728939 (pbk.) : _c$8.95 |
||
| 020 | _a9780394728933 (pbk.) | ||
| 035 | _a(OCoLC)11399834 | ||
| 043 | _aa-ja--- | ||
| 050 | 1 | 0 |
_aGT3412 _b.D34 1985 |
| 082 | 0 | 0 |
_a792.7/028/0952 _221 |
| 084 |
_a74.21 _2bcl |
||
| 100 | 1 | _aDalby, Liza Crihfield. | |
| 245 | 1 | 0 |
_aGeisha / _h[electronic resource] _cLiza Crihfield Dalby. |
| 250 | _a1st Vintage Books ed. | ||
| 260 |
_aNew York : _bVintage Books, _c1985, c1983. |
||
| 300 |
_axix, 347 p. : _bill. ; _c21 cm. |
||
| 500 | _aReprint. Originally published: Berkeley : University of California Press, 1983. | ||
| 504 | _aBibliography: p. 337-339. | ||
| 500 | _aIncludes index. | ||
| 650 | 0 | _aGeishas. | |
| 650 | 1 | 7 |
_aGeisha's. _2gtt |
| 776 | 0 | 8 |
_iOnline version: _aDalby, Liza Crihfield. _tGeisha. _b1st Vintage Books ed. _dNew York : Vintage Books, 1985, c1983 _w(OCoLC)604977127 |
| 776 | 0 | 8 |
_iOnline version: _aDalby, Liza Crihfield. _tGeisha. _b1st Vintage Books ed. _dNew York : Vintage Books, 1985, c1983 _w(OCoLC)607897638 |
| 856 | 4 | 1 |
_uhttp://www.archive.org/details/geishadalb00dalb _zFree eBook from the Internet Archive |
| 856 | 4 | 2 |
_uhttp://www.openlibrary.org/books/OL2867001M _zAdditional information and access via Open Library |
| 029 | 1 |
_aNLGGC _b85190050X |
|
| 029 | 1 |
_aNZ1 _b2908603 |
|
| 029 | 1 |
_aAU@ _b000003592869 |
|
| 942 | _cEB | ||
| 506 | _fНеобхідна авторизація на https://archive.org/ (створення облікового запису безкоштовно) | ||
| 506 | _fНеобхідна авторизація на https://openlibrary.org/ (створення облікового запису безкоштовно) | ||
| 999 |
_c500305 _d500305 |
||